Normal view
MARC view
- المواقع الاثرية-تاريخ الاردن
Entry Topical Term
001 - CONTROL NUMBER
- control field: 51120
003 - CONTROL NUMBER IDENTIFIER
- control field: JO-AjAnu
005 - DATE AND TIME OF LATEST TRANSACTION
- control field: 20230606082418.0
008 - FIXED-LENGTH DATA ELEMENTS
- fixed length control field: 230606|| aca||aabn | a|a d
040 ## - CATALOGING SOURCE
- Original cataloging agency: JO-AjAnu
- Transcribing agency: JO-AjAnu
150 ## - HEADING--TOPICAL TERM
- Topical term or geographic name entry element: المواقع الاثرية-تاريخ الاردن
670 ## - SOURCE DATA FOUND
- Source citation: Work cat.: (JO-AjAnu)26128: تاليف الحجاج، هبة تركي، م. مشارك ابو رحمة، مروان محمد, author 51119, تاريخ وآثار الاردن